Современный экономический словарь

Bibliografiske detaljer
Hovedforfatter: Райзберг Б. А. Борис Абрамович
Andre forfattere: Лозовский Л. Ш. Леонид Шарапович, Стародубцева Е. Б. Елена Борисовна
Summary:Содержит примерно 12 тысяч терминов, используемых в современной экономической теории и практике. Терминология охватывает общеэкономические, бюджетные, финансовые, торговые, валютные, налоговые, таможенные вопросы, страхование, бухгалтерский учет, аудит, статистику, логистику, менеджмент, маркетинг и другие области экономики, распространена на экономическую социологию и технологию. Для практических работников предприятий всех форм собственности, преподавателей и студентов вузов, лиц, интересующихся экономикой, управлением, финансами.
Sprog:russisk
Udgivet: Москва, Инфра-М, 2008
Udgivelse:6-е изд., перераб. и доп.
Serier:Библиотека словарей "Инфра-М"
Fag:
Format: Bog
KOHA link:https://koha.lib.tpu.ru/cgi-bin/koha/opac-detail.pl?biblionumber=147731

MARC

LEADER 00000nam0a2200000 4500
001 147731
005 20231101221319.0
010 |a 9785160033907 
035 |a (RuTPU)RU\TPU\book\160120 
090 |a 147731 
100 |a 20081120d2008 km y0rusy50 ca 
101 0 |a rus 
102 |a RU 
105 |a y e 000zy 
200 1 |a Современный экономический словарь  |f Б. А. Райзберг, Л. Ш. Лозовский, Е. Б. Стародубцева 
205 |a 6-е изд., перераб. и доп. 
210 |a Москва  |c Инфра-М  |d 2008 
215 |a 512 с. 
225 1 |a Библиотека словарей "Инфра-М" 
330 |a Содержит примерно 12 тысяч терминов, используемых в современной экономической теории и практике. Терминология охватывает общеэкономические, бюджетные, финансовые, торговые, валютные, налоговые, таможенные вопросы, страхование, бухгалтерский учет, аудит, статистику, логистику, менеджмент, маркетинг и другие области экономики, распространена на экономическую социологию и технологию. Для практических работников предприятий всех форм собственности, преподавателей и студентов вузов, лиц, интересующихся экономикой, управлением, финансами. 
606 1 |a Экономическая теория  |2 stltpush  |3 (RuTPU)RU\TPU\subj\26589  |9 50481 
610 1 |a экономика 
610 1 |a экономические термины 
610 1 |a словари 
686 |a У011я2  |v LBC/SL-A  |2 rubbk 
700 1 |a Райзберг  |b Б. А.  |g Борис Абрамович 
701 1 |a Лозовский  |b Л. Ш.  |g Леонид Шарапович 
701 1 |a Стародубцева  |b Е. Б.  |g Елена Борисовна 
801 1 |a RU  |b 63413507  |c 20081120  |g PSBO 
801 2 |a RU  |b 63413507  |c 20150507  |g PSBO 
942 |c BK 
959 |a 111/20081114  |d 3  |e 259,90  |f АНЛ:2  |f ЧЗГЛ:1